00321nam a2200133Ia 4500008004100000100003400041245001900075250001200094260003700106300000800143650001200151942000700163999001700170190216s9999||||xx |||||||||||||| ||und|| aRajaram. J And Kuriakose. J.C 0aThermodynamics a1st Ed. bShoban Lal Nagin Chand&Comc1986 a517 aPhysics cBK c33114d33114